Bridging the Gap (Record no. 16361)

MARC details
000 -LEADER
fixed length control field 01393nam a2200133Ia 4500
008 - FIXED-LENGTH DATA ELEMENTS--GENERAL INFORMATION
fixed length control field 220615s9999||||xx |||||||||||||| ||und||
020 ## - INTERNATIONAL STANDARD BOOK NUMBER
International Standard Book Number 9783040000000
245 #0 - TITLE STATEMENT
Title Bridging the Gap
Remainder of title The Measure of Urban Resilience
546 ## - LANGUAGE NOTE
Language note English[eng]
650 ## - SUBJECT ADDED ENTRY--TOPICAL TERM
Topical term or geographic name entry element urban resilience||spatial planning||vulnerability||measuring||mapping||decision-making||multi-risk||flood||fire||indicators||regional resilience||adaptive capacity||sectoral industry composition||urban vs. inner areas||green infrastructure||resilience||sustainability||social-ecological indicators||indicator||monitoring||climate change||climate adaptation||n/a||dynamic models||decision making||scenario planning||energetic resilience||solar radiation||geographic information system||land use planning||urban regulation||urban energy resilience||buildings energy balance||urban hourly model||residential buildings||urban variables||place-based analysis||community resilience||systematic overview||resilience modelling||knowledge representation||resilience assessment||information visualisation||walkability||walkability measure||quantitative||qualitative and mixed models and methods||urban planning||public space||shift-share analysis||employment dynamics||sector composition||metro-regions
700 ## - ADDED ENTRY--PERSONAL NAME
Personal name Brunetta, Grazia||Faggian, Alessandra||Caldarice, Ombretta
856 ## - ELECTRONIC LOCATION AND ACCESS
Uniform Resource Identifier <a href="https://mdpi.com/books/pdfview/book/3850">https://mdpi.com/books/pdfview/book/3850</a>
942 ## - ADDED ENTRY ELEMENTS (KOHA)
Koha item type E-Books
Holdings
Withdrawn status Lost status Damaged status Not for loan Home library Current library Date acquired Total Checkouts Date last seen Price effective from Koha item type
        Kerala University of Digital Sciences, Innovation and Technology Knowledge Centre Kerala University of Digital Sciences, Innovation and Technology Knowledge Centre 15/06/2022   15/06/2022 15/06/2022 E-Books